Precalculus mathematics

Guardat en:
Dades bibliogràfiques
Autor principal: Hardy, F. Lane (Autor)
Format: Llibre
Idioma:anglès
Publicat: Columbus Charles E. Merrill 1971
Edició:2a. ed
Col·lecció:Merrill Mathematics Series
Matèries:
Etiquetes: Afegir etiqueta
Sense etiquetes, Sigues el primer a etiquetar aquest registre!

MARC

LEADER 00000nam a2200000 a 4500
001 UCP0347
003 CL-VaPUC
008 990305e19710000US |||||||||||||||||eng|d
082 0 4 |a 515.7  |b HAR  |2 21 
100 0 |a Hardy, F. Lane  |e author  |9 425589 
245 1 0 |a Precalculus mathematics 
250 |a 2a. ed 
300 |a 369 p 
942 |c BK 
945 |d 19990305 00:00:00  |a crobeson 
260 |a Columbus  |b Charles E. Merrill  |c 1971 
650 0 |a Análisis funcional   |9 269993 
650 0 |a Teoría de conjuntos   |9 265668 
650 0 |a Números reales   |9 270334 
650 0 |a Trigonometría   |9 259568 
650 0 |a Geometría analítica   |9 260062 
583 |a last modification  |c 20130317 12:32:10  |k Rodrigo Vera 
490 0 |a Merrill Mathematics Series 
999 |c 279172  |d 279170 
952 |0 0  |1 0  |4 0  |6 515_700000000000000_HAR_1971  |7 0  |8 A  |9 318097  |a BIBMAT  |b BIBMAT  |d 2019-11-20  |i 1324209  |o 515.7 HAR 1971  |p 1324209  |r 2025-01-07  |w 2019-11-20  |y BK  |k MAT